000 02579cam a22004334i 4500
003 PE-LiUPU
005 20250731172837.0
008 151014s2013 xxua r 000 0 spa d
020 _a9780805495959
035 _a(Sirsi) i9780805495959
040 _aPE-LiUPU
_bspa
_dPE-LiUPU
_erda
049 _aPRUA
082 0 4 _a220.9
_bL5
245 0 0 _aLibro de Líneas de tiempo de la Biblia y de la historia del cristianismo :
_bun vistazo a más de 6000 años de historia /
_ceditado por Collin Hansen.
264 1 _a[Nashville] :
_bB&H Español,
_c[2013].
300 _a1 línea de tiempo :
_bilustraciones ;
_c28 centímetros
336 _atext
_2rdacontent
337 _aunmediated
_2rdamedia
338 _avolume
_2rdacarrier
505 0 _aHistoria bíblica -- Abraham -- Nace Saraí -- Ismael -- Isaac, hijo de Abraham y Sara -- Jacob -- Jacob trabaja 7 años para su tío Labán para ganarse a Raquel como esposa -- Jacob y Lea tienen 6 hijos y una hija, Dina -- José nace de Jacob y Raquel -- El pueblo de Israel vive en Egipto parte del tiempo en esclavitud -- Aarón -- Moisés -- Comienzo de la era de los jueces -- Samuel, juez y profeta de Israel -- Saúl rey de Israel -- David reina por 40 años, primero sobre Judá y luego sobre todo Israel -- Natán profetiza -- Se pierde casi todo el territorio conquistado por el rey David -- Elías profetiza -- Eliseo -- Siria domina a Israel -- Usías asume como corregidor de Judá con Ananías -- Amós profetiza -- Isaías profetiza -- Nahúm profetiza -- Sofonías profetiza -- Jeremías profetiza -- Daniel -- Zacarías profetiza -- Nehemías gobierna Judá -- Revolución de los Macabeos -- Herodes Agripa rey de Judea -- Primer viaje misionero de Pablo con Bernabé se inicia en Chipre -- Segundo viaje misionero de Pablo -- Tercer viaje misionero de Pablo.
526 _aSEG42
526 _aSEG41
526 _aSEG40
526 _aSEG39
526 _aP94
526 _aP87
526 _aP86
526 _aP85
526 _aP77
526 _aP76
526 _aP35
910 _acce
_b
_ccce
_d20151014
942 _2ddc
_cBOOK
949 _a220.9 L5
_wDEWEY
_c1
_i70819
_d2016-9-29
_e2016-9-27
_lCCODEBUL1
_mBUL
_n7
_p21.00
_r0
_sY
_tBOOK
_u2015-10-14
_xTEOLOGIA
_PP35
_0COMPRA
_o.STAFF. Colección General
994 _aC0
_bPEPRU
596 _a1
999 _a220.9 L5
_wDEWEY
_c7559
_i70819
_d7559
_e2022-6-15
_f2021-11-9
_g5
_lCCODEBUL1
_mBUL
_n11
_p21.00
_q11
_r0
_sY
_tBOOK
_u2015-10-14
_xTEOLOGIA
_PP35
_0COMPRA
_o.STAFF. Colección Teología
980 _81
_gALBERTO SANCHEZ Responsable de Automatización